| 000 | 01358nam0a2200373 4500 | ||
|---|---|---|---|
| 001 | RU\NLR\BIBL_A\021993335 | ||
| 005 | 20230901163118.0 | ||
| 010 |
_a978-5-04-114216-2 _bМураками-мания |
||
| 010 |
_a978-5-04-115783-8 _bPocketbook _92000 |
||
| 021 |
_aRU _bКН-П-23-040333 _9КН-П-23-4022 |
||
| 035 | _a(NLR Aleph) 021993335 | ||
| 090 |
_a12433660 _c12433660 |
||
| 100 | _a20230801d2023 u y0rusy50 ca | ||
| 101 | 1 |
_arus _cjpn |
|
| 102 | _aRU | ||
| 105 | _ay z 000аy | ||
| 181 | 0 |
_ai _baxxe |
|
| 182 | 0 | _an | |
| 200 | 1 |
_aОхота на овец _fХаруки Мураками _gперевод с японского Дмитрия Коваленина |
|
| 203 |
_aТекст _bвизуальный _cнепосредственный |
||
| 210 |
_aМосква _cЭксмо _d2023 |
||
| 215 |
_a413, [1] с. _d18 |
||
| 225 | 1 | _aPocket book | |
| 225 | 1 | _aМураками мания | |
| 225 | 1 | _aPocket modern | |
| 320 | _aДр. кн. авт. на 4-й с. обл. | ||
| 333 | _a16+ | ||
| 686 | 1 | _aШ6(5Я)67-440.4{Лх2318-45} | |
| 700 | 1 |
_aМураками _bХ. _f1949- _gХаруки _3RU\NLR\AUTH\7713342 |
|
| 702 | 1 |
_aКоваленин _bД. В. _f1966- _gДмитрий Викторович _3RU\NLR\AUTH\7734390 _4730 |
|
| 942 | _cBOOK | ||
| 980 | _aNB | ||